000 00301nam a22001337a 4500
008 170801b xxu||||| |||| 00| 0 eng d
020 _a3540197958
041 _aeng
080 _a004
100 _a32
101 _aSHK
245 _aMANAGING WITH INFORMATION TECHNOLOGY
_cENNALS,R
942 _2udc
_cBK
999 _c22426
_d22426